000 00934cam a22002531 4500
001 gs 51000115
003 DLC
005 20260227111357.0
008 750929s1951 ctubf b s000 0 eng
010 _ags 51000115
035 _a(OCoLC)1661351
040 _aDLC
_cCtHT
_dDLC
042 _apremarc
050 0 0 _aQE94.M6
_bC3
100 1 _aCameron, Eugene N.
_q(Eugene Nathan),
_d1910-
245 1 4 _aThe geology of the Mt. Prospect complex.
260 _aHartford,
_bPrinted by the State Geological and Natural History Survey,
_c1951.
300 _avi, 44 p.
_bplates (1 in pocket) 2 fold. maps (in pocket)
_c23 cm.
410 2 0 _aState Geological and Natural History Survey of Connecticut.
_tBulletin
_vno. 76
500 _aCover title: Preliminary report on the geology of the Mt. Prospect complex.
504 _a"References cited": p. 38.
650 0 _aGeology
_zConnecticut
_zMt. Prospect.
740 0 _aMount Prospect complex.
999 _c28548
_d28548